Statystyki dla Europa państwa i stolice

Kliknij tutaj aby rozwiązać quiz!

Ogólne statystyki

  • Ten quiz został rozwiązany 742 razy
  • Średni wynik to 36 z 46

Statystyki odpowiedzi

PaństwoStolica% Poprawnych
grecjaateny
96%
polskawarszawa
95%
niemcyberlin
94%
czechypraga
92%
francjaparyż
92%
hiszpaniamadryt
90%
włochyrzym
90%
wielka brytanialondyn
88%
rosjamoskwa
87%
słowacjabratysława
87%
ukrainakijów
87%
monakomonako
86%
portugalializbona
86%
szwecjasztokholm
86%
austriawiedeń
85%
norwegiaoslo
85%
watykanwatykan
85%
holandiaamsterdam
84%
litwawilno
84%
luksemburgluksemburg
83%
węgrybudapeszt
83%
belgiabruksela
82%
andoraandora
81%
białoruśmińsk
81%
chorwacjazagrzeb
81%
irlandiadublin
81%
san marinosan marino
81%
finlandiahelsinki
80%
łotwaryga
80%
bośnia i hercegowinasarajewo
75%
daniakopenhaga
75%
estoniatallin
75%
słowenialublana
75%
szwajcariaberno
75%
islandiarejkiawik
74%
albaniatirana
72%
serbiabelgrad
71%
bułgariasofia
69%
kosowoprisztina
69%
rumuniabukareszt
69%
czarnogórapodgorica
67%
macedoniaskopje
67%
mołdawiakiszyniów
63%
maltavalletta
59%
cyprnikozja
48%
lichtensteinvaduz
39%

Rozkład punktacji

Percentyl według liczby udzielonych odpowiedzi

Procent ludzi z każdym wynikiem

Twoja historia wyników

Nie rozwiązałeś tego quizu